<?xml version="1.0" encoding="UTF-8"?>
<record
    xmlns:xsi="http://www.w3.org/2001/XMLSchema-instance"
    xsi:schemaLocation="http://www.loc.gov/MARC21/slim http://www.loc.gov/standards/marcxml/schema/MARC21slim.xsd"
    xmlns="http://www.loc.gov/MARC21/slim">

  <leader>00665nam a22002177a 4500</leader>
  <datafield tag="952" ind1=" " ind2=" ">
    <subfield code="a">0001</subfield>
    <subfield code="b">0001</subfield>
    <subfield code="d">2019-02-17</subfield>
    <subfield code="e">2</subfield>
    <subfield code="l">0</subfield>
    <subfield code="o">323.2 K91i 1988</subfield>
    <subfield code="p">018853</subfield>
    <subfield code="r">2019-02-17 00:00:00</subfield>
    <subfield code="w">2019-02-17</subfield>
    <subfield code="x">Kemal K&#x131;l&#x131;&#xE7;daro&#x11F;lu ba&#x11F;&#x131;&#x15F;&#x131;d&#x131;r.</subfield>
    <subfield code="y">BKS</subfield>
  </datafield>
  <datafield tag="999" ind1=" " ind2=" ">
    <subfield code="c">12741</subfield>
    <subfield code="d">12741</subfield>
  </datafield>
  <controlfield tag="003">MIRAKIL</controlfield>
  <controlfield tag="005">20211214000607.0</controlfield>
  <controlfield tag="008">190217b        tu ||||| |||| 00| 0 tur d</controlfield>
  <datafield tag="020" ind1=" " ind2=" ">
    <subfield code="a">9754780048</subfield>
  </datafield>
  <datafield tag="040" ind1=" " ind2=" ">
    <subfield code="a">TR-AnCHP</subfield>
    <subfield code="c">TR-AnCHP</subfield>
  </datafield>
  <datafield tag="041" ind1=" " ind2=" ">
    <subfield code="a">tur</subfield>
  </datafield>
  <datafield tag="082" ind1="0" ind2="4">
    <subfield code="a">323.2</subfield>
    <subfield code="b">K91i 1988</subfield>
  </datafield>
  <datafield tag="100" ind1="1" ind2=" ">
    <subfield code="a">K&#xFC;&#xE7;&#xFC;k, Yal&#xE7;&#x131;n</subfield>
    <subfield code="d">1938-</subfield>
  </datafield>
  <datafield tag="245" ind1="1" ind2="0">
    <subfield code="a">&#x130;tiraf&#xE7;&#x131;lar&#x131;n itiraflar&#x131; :</subfield>
    <subfield code="b">TKP pi&#x15F;manlar&#x131; /</subfield>
    <subfield code="c">Yal&#xE7;&#x131;n K&#xFC;&#xE7;&#xFC;k</subfield>
  </datafield>
  <datafield tag="260" ind1=" " ind2=" ">
    <subfield code="a">&#x130;stanbul :</subfield>
    <subfield code="b">Tekin Yay&#x131;nevi,</subfield>
    <subfield code="c">1988</subfield>
  </datafield>
  <datafield tag="300" ind1=" " ind2=" ">
    <subfield code="a">415 s. ;</subfield>
    <subfield code="c">20 sm.</subfield>
  </datafield>
  <datafield tag="650" ind1=" " ind2="0">
    <subfield code="a">Siyaset ve y&#xF6;netim</subfield>
    <subfield code="x">T&#xFC;rkiye</subfield>
    <subfield code="y">Tarih</subfield>
    <subfield code="9">9</subfield>
  </datafield>
  <datafield tag="650" ind1=" " ind2="0">
    <subfield code="9">804</subfield>
    <subfield code="a">Siyasi partiler</subfield>
    <subfield code="x">T&#xFC;rkiye Kom&#xFC;nist Partisi</subfield>
  </datafield>
  <datafield tag="740" ind1=" " ind2=" ">
    <subfield code="a">TKP pi&#x15F;manlar&#x131;</subfield>
  </datafield>
  <datafield tag="942" ind1=" " ind2=" ">
    <subfield code="2">ddc</subfield>
    <subfield code="c">BKS</subfield>
  </datafield>
</record>
